Schlecht gezeichnete Logos #1 - Statistiken

Allgemein
  • Dieses Quiz wurde 159 mal gespielt
  • Das Durchschnittsergebnis liegt bei 13 aus 15
Antwortstatistiken
Bildquiz Antwort % Korrekt
Borussia Dortmund
100%
Barcelona
96%
Real Madrid
96%
Bayern München
95%
Juventus
93%
Paris Saint-Germain
93%
AC Mailand
89%
Arsenal
88%
Inter Mailand
85%
Olympique Marseille
78%
Porto
74%
Aston Villa
72%
Crvena Zvezda
71%
AS Monaco
65%
Olympiacos
60%
Keine übereinstimmenden Quizze gefunden
Verteilung der Resultate
Anzahl Personen mit jedem Resultat
Perzentil nach korrekt beantworteten Fragen
Ihre Resultats-Entwicklung
Sie haben dieses Quiz noch nicht gespielt